000 00494nam a2200181Ia 4500
001 16126
005 20260306170246.0
008 260306t2021||||xx |||||||||||||| ||und||
041 _aESP
082 _a346.65
_bB45
100 _aBeraún Barrantes, José Antonio
_eAUT
245 0 _aLos contratos de arrendamiento y compraventa en el contexto de la pandemia Covid-19
260 _c2021
300 _a318 páginas :
_c25 cm.
650 _aGEN
654 _aCDE
942 _cLIB
_dJUS
_fJUS
_2ddc
_n
999 _c16126
_d16126